[Event "X MIEDZYNARODOWY JUBILEUSZOWY FESTIWAL S"]
[Site "LAZY, OW "]
[Date "2014.06.30"]
[Round "2.24"]
[White "Mucha, Piotr"]
[Black "Spicak, Krzysztof"]
[Result "1-0"]
[WhiteElo "2026"]
[BlackElo "1933"]
[PlyCount "86"]
[EventDate "2014.??.??"]

1. e4 e6 2. d4 d5 3. Nc3 Bb4 4. e5 Ne7 5. Qg4 Ng6 6. a3 Bxc3+ 7. bxc3 c5 8. h4
f5 9. Qg3 O-O 10. Bg5 Qc7 11. h5 f4 12. Qg4 Nxe5 13. dxe5 Qxe5+ 14. Ne2 Qe4 15.
Qf3 Qxc2 16. Be7 Rf7 17. Bxc5 Nc6 18. Bd6 Bd7 19. Rc1 Qb2 20. Qd3 Qb6 21. Bxf4
e5 22. Be3 Qa5 23. Ng3 Be6 24. Be2 e4 25. Qd2 Qxa3 26. O-O Rc8 27. h6 g6 28.
Bb5 Qd6 29. Rcd1 Qe5 30. Ne2 Bg4 31. Rde1 Bxe2 32. Rxe2 Qh5 33. Bxc6 Rxc6 34.
Ree1 Rd6 35. Rb1 Rd8 36. Qd4 g5 37. Qe5 Qxh6 38. Bd4 Rfd7 39. f3 Qg7 40. Qxg7+
Rxg7 41. Bxg7 Kxg7 42. fxe4 dxe4 43. Rfe1 Re8 1-0

[Event "X MIEDZYNARODOWY JUBILEUSZOWY FESTIWAL S"]
[Site "LAZY, OW "]
[Date "2014.06.30"]
[Round "2.25"]
[White "Woloch, Oskar"]
[Black "Zebracki, Tomasz"]
[Result "1/2-1/2"]
[WhiteElo "1929"]
[BlackElo "2019"]
[PlyCount "31"]
[EventDate "2014.??.??"]

1. e4 e6 2. d4 d5 3. exd5 exd5 4. Nf3 Nc6 5. Bb5 Bd6 6. O-O Nge7 7. h3 Bf5 8.
Re1 Qd7 9. c4 dxc4 10. d5 Bxb1 11. Rxb1 Qf5 12. dxc6 Qxb5 13. Nd4 Qd5 14. cxb7
Rb8 15. Qa4+ Kf8 16. Qxa7 1/2-1/2

[Event "X MIEDZYNARODOWY JUBILEUSZOWY FESTIWAL S"]
[Site "LAZY, OW "]
[Date "2014.06.30"]
[Round "2.26"]
[White "Zaleski, Lukasz"]
[Black "Kowalski, Maciej"]
[Result "1-0"]
[WhiteElo "1867"]
[BlackElo "1984"]
[PlyCount "63"]
[EventDate "2014.??.??"]

1. e4 c5 2. Nf3 e6 3. d4 cxd4 4. Nxd4 Nf6 5. Nc3 d6 6. Bd3 Be7 7. O-O O-O 8.
Kh1 Nc6 9. Nxc6 bxc6 10. f4 Qc7 11. Qe2 Nd7 12. b3 Rd8 13. Bb2 Nc5 14. Nd1 d5
15. e5 a5 16. Ne3 a4 17. Rab1 axb3 18. axb3 Nxd3 19. cxd3 Qb6 20. Ng4 Qxb3 21.
Nf6+ gxf6 22. exf6 Bf8 23. Be5 Qa2 24. Qg4+ Kh8 25. Ra1 Qc2 26. Rxa8 Qxd3 27.
Raa1 d4 28. Rad1 Qc4 29. Qh5 Rd7 30. Bxd4 Rxd4 31. Qxf7 Rd8 32. Qg7+ 1-0

[Event "X MIEDZYNARODOWY JUBILEUSZOWY FESTIWAL S"]
[Site "LAZY, OW "]
[Date "2014.06.30"]
[Round "2.27"]
[White "Szewczak, Andrzej"]
[Black "Wacior, Maciej"]
[Result "0-1"]
[WhiteElo "1976"]
[BlackElo "1863"]
[PlyCount "112"]
[EventDate "2014.??.??"]

1. e4 c6 2. Nc3 d5 3. d3 Nf6 4. Be2 d4 5. Nb1 e6 6. f4 Qb6 7. h3 Nbd7 8. Nf3
Bb4+ 9. Nbd2 Nh5 10. a3 Bxd2+ 11. Qxd2 O-O 12. O-O Ng3 13. Rf2 Nf6 14. e5 Nd5
15. Ne1 f6 16. Bf3 Ne3 17. Qb4 fxe5 18. fxe5 Qxb4 19. axb4 Rf5 20. c3 Nd5 21.
Bxd5 cxd5 22. cxd4 Bd7 23. Rxf5 Nxf5 24. Nf3 h6 25. g4 Ne7 26. Bd2 Bb5 27. Ra3
Rf8 28. Kf2 Nc6 29. Ke3 a6 30. Bc3 Ne7 31. h4 Ng6 32. Bd2 Nf4 33. Ne1 Nh3 34.
Rc3 Nf2 35. Rc7 Nxg4+ 36. Ke2 Rf2+ 37. Kd1 Rh2 38. Rxb7 Rxh4 39. Re7 Nf2+ 40.
Kc2 Rh3 41. Rxe6 Nxd3 42. Ng2 Rh2 43. Ne3 Nxb4+ 44. Kb3 Rxd2 45. Kxb4 Rxd4+ 46.
Kc5 Rd2 47. b4 d4 48. Nf5 Bd7 49. Nxh6+ gxh6 50. Rxa6 d3 51. e6 Rc2+ 52. Kd6 d2
53. exd7 d1=Q+ 54. Ke7 Qe1+ 55. Re6 Qxb4+ 56. Ke8 Qf8# 0-1

[Event "X MIEDZYNARODOWY JUBILEUSZOWY FESTIWAL S"]
[Site "LAZY, OW "]
[Date "2014.07.01"]
[Round "3.1"]
[White "Tomczak, Jacek"]
[Black "Jaroch, Pawel"]
[Result "1-0"]
[WhiteElo "2551"]
[BlackElo "2228"]
[PlyCount "55"]
[EventDate "2014.??.??"]

1. e4 c5 2. Nf3 d6 3. d4 cxd4 4. Nxd4 Nf6 5. Nc3 a6 6. Bc4 e6 7. Bb3 Nbd7 8.
Qe2 Nc5 9. Bg5 Be7 10. f4 h6 11. Bxf6 Bxf6 12. O-O-O Nxb3+ 13. Nxb3 Qc7 14. Rd3
Bd7 15. Rhd1 O-O-O 16. Qd2 Be7 17. Nd5 exd5 18. Rc3 Bc6 19. exd5 Bf6 20. Nd4
Bd7 21. Rxc7+ Kxc7 22. Qa5+ Kc8 23. Qb6 Bg4 24. Rd3 Bxd4 25. Qxd4 Bf5 26. Rc3+
Kb8 27. Qxg7 Bc8 28. Qxf7 1-0

[Event "X MIEDZYNARODOWY JUBILEUSZOWY FESTIWAL S"]
[Site "LAZY, OW "]
[Date "2014.07.01"]
[Round "3.2"]
[White "Eggink, Mateusz"]
[Black "Nurkiewicz, Maciej"]
[Result "1-0"]
[WhiteElo "2164"]
[BlackElo "2392"]
[PlyCount "53"]
[EventDate "2014.??.??"]

1. e4 c5 2. Nf3 d6 3. d4 cxd4 4. Nxd4 Nf6 5. Nc3 g6 6. Be3 Bg7 7. f3 Nc6 8. Qd2
O-O 9. Bc4 Bd7 10. O-O-O Rc8 11. Bb3 Ne5 12. h4 h5 13. Bg5 Rc5 14. f4 Nc4 15.
Qd3 b5 16. e5 dxe5 17. Bxf6 exf6 18. Ndxb5 Nb6 19. Qxg6 exf4 20. Nd6 Qe7 21.
Rhe1 Re5 22. Rxe5 fxe5 23. Nce4 Be6 24. Qxh5 Rd8 25. Bxe6 Qxe6 26. Qg5 Rd7 27.
Nc5 1-0

[Event "X MIEDZYNARODOWY JUBILEUSZOWY FESTIWAL S"]
[Site "LAZY, OW "]
[Date "2014.07.01"]
[Round "3.3"]
[White "Jacek, Krystian"]
[Black "Licznerski, Lukasz"]
[Result "0-1"]
[WhiteElo "2148"]
[BlackElo "2344"]
[PlyCount "50"]
[EventDate "2014.??.??"]

1. e4 c6 2. d4 d5 3. Nc3 dxe4 4. Nxe4 Bf5 5. Ng3 Bg6 6. Bc4 e6 7. N1e2 Qh4 8.
Bf4 Nf6 9. Qd2 h6 10. O-O-O Nd5 11. Be5 Nd7 12. f4 Bb4 13. c3 Nxe5 14. dxe5 Bc5
15. Bxd5 cxd5 16. f5 exf5 17. Nd4 f4 18. Nge2 O-O 19. Nxf4 Be4 20. Nb3 Bb6 21.
Rhe1 Rad8 22. g3 Qe7 23. Qe2 Rfe8 24. e6 fxe6 25. Nd2 e5 0-1

[Event "X MIEDZYNARODOWY JUBILEUSZOWY FESTIWAL S"]
[Site "LAZY, OW "]
[Date "2014.07.01"]
[Round "3.4"]
[White "Shishkin, Vadim"]
[Black "Jarmula, Pawel"]
[Result "1/2-1/2"]
[WhiteElo "2489"]
[BlackElo "2140"]
[PlyCount "99"]
[EventDate "2014.??.??"]

1. d4 Nf6 2. c4 e6 3. Nc3 Bb4 4. Qc2 O-O 5. Nf3 d6 6. Bd2 Nbd7 7. a3 Bxc3 8.
Bxc3 d5 9. e3 b6 10. cxd5 exd5 11. b4 Bb7 12. Bd3 c5 13. bxc5 bxc5 14. Rb1 cxd4
15. Bxd4 Ba6 16. O-O Rc8 17. Qe2 Bxd3 18. Qxd3 Qa5 19. Rb5 Qa6 20. Qb3 Rfe8 21.
g3 h6 22. Kg2 Rc7 23. Rb1 Re6 24. h3 Re8 25. Qb4 Rc4 26. Qa5 Ra4 27. Qxa6 Rxa6
28. R1b3 Rc8 29. Rb7 Nc5 30. Rb8 Nxb3 31. Rxc8+ Kh7 32. Bb2 Ne4 33. Ne5 f6 34.
Nd7 h5 35. Rd8 Rc6 36. Rb8 Na5 37. Nf8+ Kh6 38. Bd4 Rc2 39. Rb2 Rxb2 40. Bxb2
Nc4 41. Bd4 Nxa3 42. Bxa7 Nb5 43. Bb6 g5 44. f3 Ned6 45. Bd8 Kg7 46. Nd7 Kf7
47. Nc5 Nc4 48. e4 dxe4 49. Nxe4 Nbd6 50. Nxd6+ 1/2-1/2

[Event "X MIEDZYNARODOWY JUBILEUSZOWY FESTIWAL S"]
[Site "LAZY, OW "]
[Date "2014.07.01"]
[Round "3.5"]
[White "Krainski, Aleksander"]
[Black "Warakomski, Tomasz"]
[Result "0-1"]
[WhiteElo "2212"]
[BlackElo "2505"]
[PlyCount "86"]
[EventDate "2014.??.??"]

1. d4 d5 2. Nf3 Nf6 3. e3 Bf5 4. Bd3 Bg6 5. Ne5 Nbd7 6. Nxg6 hxg6 7. c4 e6 8.
Nc3 a6 9. cxd5 exd5 10. Qb3 Nb6 11. Bd2 Qd6 12. h3 Be7 13. a3 O-O 14. O-O Nfd7
15. Rfd1 c5 16. dxc5 Nxc5 17. Qc2 Rac8 18. Be1 Qe5 19. Bf1 Rfd8 20. Ne2 Nca4
21. Bc3 Nxc3 22. Nxc3 Bc5 23. Rac1 d4 24. exd4 Rxd4 25. Rxd4 Bxd4 26. Qe2 Qxe2
27. Bxe2 Na4 28. Bf3 Nxb2 29. Ne2 Bxf2+ 30. Kf1 Rxc1+ 31. Nxc1 Be3 32. Nb3 b6
33. Ke2 Bf4 34. Bb7 a5 35. Bc6 Nc4 36. a4 Kf8 37. Nd4 Ke7 38. Bd5 Ne5 39. Nb5
Nd7 40. Bc6 Nc5 41. Nc3 Kd6 42. Bb5 Be5 43. Nb1 Ne6 0-1

[Event "X MIEDZYNARODOWY JUBILEUSZOWY FESTIWAL S"]
[Site "LAZY, OW "]
[Date "2014.07.01"]
[Round "3.6"]
[White "Sharapov, Evgeny"]
[Black "Madynski, Pawel"]
[Result "1-0"]
[WhiteElo "2377"]
[BlackElo "2086"]
[PlyCount "41"]
[EventDate "2014.??.??"]

1. e4 c6 2. d4 d5 3. Nc3 dxe4 4. Nxe4 Bf5 5. Ng3 Bg6 6. h4 h6 7. Nf3 Nd7 8. h5
Bh7 9. Bd3 Bxd3 10. Qxd3 e6 11. Bd2 Ngf6 12. O-O-O Qb6 13. Ne5 Rd8 14. Ng6 Rg8
15. Nxf8 Nxf8 16. Qa3 Rd7 17. Rhe1 a6 18. Ba5 Qb5 19. Re5 Rd5 20. Nf5 c5 21.
Rxd5 1-0

[Event "X MIEDZYNARODOWY JUBILEUSZOWY FESTIWAL S"]
[Site "LAZY, OW "]
[Date "2014.07.01"]
[Round "3.7"]
[White "Zielinski, Wojciech"]
[Black "Rudolf, Michal"]
[Result "1/2-1/2"]
[WhiteElo "2185"]
[BlackElo "2363"]
[PlyCount "79"]
[EventDate "2014.??.??"]

1. e4 d5 2. exd5 Qxd5 3. Qf3 Nf6 4. Qxd5 Nxd5 5. d4 Nc6 6. c3 e5 7. dxe5 Nxe5
8. Be2 Bf5 9. Nf3 Nd3+ 10. Bxd3 Bxd3 11. Kd2 Be4 12. Re1 Nf6 13. Ke2 O-O-O 14.
Kf1 Bd6 15. Nbd2 Bd3+ 16. Kg1 Rhe8 17. Nf1 h6 18. Be3 c5 19. Rad1 Bg6 20. N1d2
Bc2 21. Rc1 Bd3 22. b4 b6 23. bxc5 bxc5 24. c4 Kc7 25. Rc3 Bh7 26. Ra3 Kb6 27.
Rb3+ Kc6 28. Ra3 a5 29. Rxa5 Ra8 30. Rb5 Bd3 31. Rc1 Rxa2 32. Nb3 Ne4 33. Na5+
Kc7 34. Nb7 Rea8 35. Ne1 Be2 36. Nxd6 Nxd6 37. Rxc5+ Kd7 38. Rd5 Ke6 39. Rd4
Ra1 40. Nc2 1/2-1/2

[Event "X MIEDZYNARODOWY JUBILEUSZOWY FESTIWAL S"]
[Site "LAZY, OW "]
[Date "2014.07.01"]
[Round "3.8"]
[White "Antolak, Julia"]
[Black "Nowicki, Bartosz"]
[Result "0-1"]
[WhiteElo "1869"]
[BlackElo "2256"]
[PlyCount "74"]
[EventDate "2014.??.??"]

1. e4 d6 2. d4 g6 3. f4 Bg7 4. Nf3 Nd7 5. Be2 a6 6. a4 c6 7. O-O d5 8. Nc3 dxe4
9. Nxe4 Ndf6 10. Nf2 Nh6 11. Ne5 O-O 12. c3 Nf5 13. Bf3 Nh4 14. Nfg4 Nxf3+ 15.
Qxf3 Nxg4 16. Nxg4 a5 17. Be3 Qd5 18. Qg3 Bf5 19. Bf2 Qb3 20. Ne3 Bd3 21. Rfe1
Qxb2 22. Rad1 Be4 23. Nc4 Qa2 24. Nb6 Rad8 25. Rxe4 Qb3 26. Rde1 Qxb6 27. Rxe7
Bf6 28. R7e4 Qb3 29. f5 Qxa4 30. fxg6 fxg6 31. Qh3 Qb3 32. Re6 a4 33. Bh4 Bxh4
34. Qxh4 Qxc3 35. d5 Rxd5 36. Qh6 Qg7 37. Qh4 Qd4+ 0-1

[Event "X MIEDZYNARODOWY JUBILEUSZOWY FESTIWAL S"]
[Site "LAZY, OW "]
[Date "2014.07.01"]
[Round "3.9"]
[White "Plichta, Kamil"]
[Black "Antonov, Alexandr"]
[Result "1/2-1/2"]
[WhiteElo "2247"]
[BlackElo "2077"]
[PlyCount "118"]
[EventDate "2014.??.??"]

1. d4 d5 2. c4 dxc4 3. e4 e5 4. Nf3 exd4 5. Bxc4 Nc6 6. O-O Be6 7. Bb5 Bc5 8.
b4 Bb6 9. a4 a5 10. bxa5 Rxa5 11. Nbd2 Nge7 12. Ng5 O-O 13. Qh5 h6 14. Nxe6
fxe6 15. Nc4 Ra8 16. Bxh6 gxh6 17. Qxh6 d3 18. Nxb6 cxb6 19. Ra3 Rf7 20. Rxd3
Qf8 21. Qxe6 Kh8 22. Rfd1 Rh7 23. Rh3 Rd8 24. Rxd8 Nxd8 25. Rxh7+ Kxh7 26. Qxb6
Ng6 27. Qc7+ Kh6 28. g3 Qf6 29. Qc1+ Kg7 30. Kg2 Ne6 31. Qe3 b6 32. Bc4 Ng5 33.
f4 Qb2+ 34. Be2 Ne6 35. Qf2 Nc5 36. Bf3 Qc3 37. e5 Nd3 38. Qxb6 Ne1+ 39. Kf2
Nd3+ 40. Ke2 Qc2+ 41. Kf1 Qc1+ 42. Ke2 Qc2+ 43. Kf1 Qc1+ 44. Kg2 Ne1+ 45. Kh3
Qc8+ 46. e6 Nxf3 47. Qe3 Nfe5 48. fxe5 Qxe6+ 49. Kg2 Nxe5 50. g4 Qxg4+ 51. Qg3
Qxg3+ 52. Kxg3 Nc4 53. Kf4 Kg6 54. Ke4 Kh5 55. Kd4 Na5 56. Kc5 Kh4 57. Kb5 Nb7
58. Kb6 Nd6 59. Kc5 Nb7+ 1/2-1/2

[Event "X MIEDZYNARODOWY JUBILEUSZOWY FESTIWAL S"]
[Site "LAZY, OW "]
[Date "2014.07.01"]
[Round "3.10"]
[White "Kosiorek, Marek"]
[Black "Szostko, Jakub"]
[Result "1-0"]
[WhiteElo "2361"]
[BlackElo "2002"]
[PlyCount "93"]
[EventDate "2014.??.??"]

1. e4 c6 2. c4 d5 3. exd5 cxd5 4. cxd5 Nf6 5. Bb5+ Nbd7 6. Nc3 a6 7. Qa4 Rb8 8.
Bxd7+ Qxd7 9. Qxd7+ Bxd7 10. d3 Bf5 11. Bg5 Bxd3 12. Rd1 Bf5 13. Nge2 Rd8 14.
O-O Ne4 15. Nxe4 Bxe4 16. Nc3 Bf5 17. Rfe1 h6 18. Bf4 g5 19. Be5 Rg8 20. Rd4
Bg7 21. g4 Bc8 22. Rde4 Bxe5 23. Rxe5 e6 24. Ne4 Kf8 25. Rc1 exd5 26. Nf6 Rg6
27. Rxd5 Rxd5 28. Rxc8+ Rd8 29. Rxd8+ Ke7 30. Rd7+ Kxf6 31. Rxb7 Kg7 32. b4 Rd6
33. a4 Rd4 34. h3 a5 35. bxa5 Rxa4 36. Rb5 Kg6 37. Rb6+ f6 38. a6 Ra2 39. Kg2
Ra3 40. Rd6 Kf7 41. Rd7+ Ke6 42. Ra7 Ke5 43. Ra8 Kf4 44. a7 h5 45. gxh5 Kf5 46.
h6 Kg6 47. Rg8+ 1-0

[Event "X MIEDZYNARODOWY JUBILEUSZOWY FESTIWAL S"]
[Site "LAZY, OW "]
[Date "2014.07.01"]
[Round "3.11"]
[White "Pazderski, Ziemowit"]
[Black "Mucha, Piotr"]
[Result "1-0"]
[WhiteElo "2262"]
[BlackElo "2026"]
[PlyCount "103"]
[EventDate "2014.??.??"]

1. d4 Nf6 2. c4 g6 3. Nc3 Bg7 4. e4 d6 5. f3 O-O 6. Be3 c5 7. dxc5 dxc5 8. Qxd8
Rxd8 9. Bxc5 Nc6 10. Nge2 Nd7 11. Bf2 Nde5 12. Nf4 b6 13. Nfd5 e6 14. Nc7 Rb8
15. Bh4 Nd3+ 16. Bxd3 Rxd3 17. Ke2 Rd7 18. Bg3 Ne5 19. Rad1 Rb7 20. Ne8 Nxc4
21. Nxg7 Kxg7 22. b3 Na5 23. Nb5 Rxd1 24. Rxd1 Re7 25. Bd6 Rd7 26. Nc7 Nc6 27.
Ne8+ Kh8 28. b4 Ba6+ 29. Ke3 Bb5 30. Rd2 Rd8 31. Nc7 a6 32. Nxb5 axb5 33. Be5+
Kg8 34. Rxd8+ Nxd8 35. Bc7 Nc6 36. a3 Kf8 37. Bxb6 Ne5 38. Kd4 Nd7 39. Bc5+ Ke8
40. Bd6 Kd8 41. Kc3 Kc8 42. Kb3 Kb7 43. a4 bxa4+ 44. Kxa4 f5 45. exf5 exf5 46.
Kb5 g5 47. Be7 h6 48. h4 gxh4 49. Bxh4 Ne5 50. Bg3 Ng6 51. Kc5 h5 52. Kd5 1-0

[Event "X MIEDZYNARODOWY JUBILEUSZOWY FESTIWAL S"]
[Site "LAZY, OW "]
[Date "2014.07.01"]
[Round "3.12"]
[White "Tomaszewski, Kacper"]
[Black "Kovalev, Egor"]
[Result "1/2-1/2"]
[WhiteElo "2012"]
[BlackElo "2187"]
[PlyCount "179"]
[EventDate "2014.??.??"]

1. d4 Nf6 2. c4 g6 3. Nc3 d5 4. Nf3 Bg7 5. h4 c5 6. dxc5 Qa5 7. cxd5 O-O 8. Bd2
Qxc5 9. e4 Ng4 10. Qe2 f5 11. e5 Nd7 12. Bf4 b5 13. Rd1 Nb6 14. Be3 Nxe3 15.
Qxe3 Qxe3+ 16. fxe3 b4 17. Nb5 Bb7 18. Nc7 Rac8 19. Ne6 Rfe8 20. Bb5 Bxd5 21.
Bxe8 Bxe6 22. Bb5 Bxa2 23. O-O Bh6 24. Rfe1 Rc5 25. Bd3 Bb3 26. Ra1 a5 27. e4
fxe4 28. Rxe4 Bc1 29. Re2 a4 30. Bb1 Nc4 31. Bc2 Bxb2 32. Rxa4 Bxa4 33. Bxa4
Bc3 34. Bb3 Kg7 35. Ng5 Rc6 36. Ne6+ Rxe6 37. Bxc4 Rxe5 38. Rxe5 Bxe5 39. Kf2
Bf6 40. g3 Bc3 41. Kf3 Be1 42. Kf4 Kf6 43. Bb3 Bd2+ 44. Ke4 Be1 45. Kf4 Bf2 46.
Bc4 Bb6 47. g4 Bc7+ 48. Ke4 h5 49. Kf3 hxg4+ 50. Kxg4 Bb6 51. Bb3 Bf2 52. Bc2
Be1 53. Bb3 Ke5 54. Bc2 Kf6 55. Bb3 Bd2 56. Bc2 Bh6 57. Bb3 e6 58. Bc2 Bd2 59.
Bb3 Be1 60. Bc2 e5 61. Kh3 g5 62. h5 b3 63. Bxb3 Kf5 64. h6 g4+ 65. Kg2 Kg6 66.
Bd1 g3 67. Kf1 Bd2 68. Kg2 Bf4 69. Bf3 Kxh6 70. Kf1 Kg5 71. Bg2 Kg4 72. Ke2 Bh6
73. Kd3 Kf4 74. Be4 Bf8 75. Bg2 Bc5 76. Be4 Kg5 77. Bg2 Ba3 78. Ke4 Bb2 79. Kf3
Kh4 80. Ke4 Kg4 81. Kd3 Kf4 82. Be4 Bc1 83. Bg2 Kf5 84. Be4+ Ke6 85. Bg2 Kd6
86. Be4 Kc5 87. Bg2 Bf4 88. Be4 Kb4 89. Bd5 Ka3 90. Kc2 1/2-1/2

[Event "X MIEDZYNARODOWY JUBILEUSZOWY FESTIWAL S"]
[Site "LAZY, OW "]
[Date "2014.07.01"]
[Round "3.13"]
[White "Walter, Szymon"]
[Black "Snihur, Piotr"]
[Result "1/2-1/2"]
[WhiteElo "1977"]
[BlackElo "2147"]
[PlyCount "97"]
[EventDate "2014.??.??"]

1. e4 c5 2. Nf3 d6 3. d4 Nf6 4. Nc3 cxd4 5. Nxd4 e6 6. g4 Nfd7 7. Bg2 Nc6 8.
Be3 Be7 9. Qe2 O-O 10. O-O-O a6 11. f4 Qc7 12. h4 Na5 13. h5 Nc4 14. g5 Nxe3
15. Qxe3 Qc5 16. Qg3 Re8 17. g6 Nf8 18. gxf7+ Kxf7 19. e5 dxe5 20. fxe5 Kg8 21.
Ne4 Qc7 22. Rd3 Rd8 23. Bh3 b6 24. Rg1 Bc5 25. Nxc5 bxc5 26. Nb5 Rxd3 27. Nxc7
Rxg3 28. Rxg3 Ra7 29. Ne8 g6 30. h6 Bd7 31. Nf6+ Kf7 32. Ne4 Rc7 33. Nd6+ Ke7
34. Rf3 Be8 35. Rf6 Rc6 36. Rf2 Nd7 37. Bg2 Rc7 38. Nc4 Nb8 39. Nd6 Nd7 40. Nc4
Nb8 41. Be4 Nc6 42. c3 Nd8 43. Ne3 Rd7 44. Ng4 Nf7 45. Bc6 Rc7 46. Be4 c4 47.
Nf6 Nxe5 48. Nxh7 Ng4 49. Rg2 1/2-1/2

[Event "X MIEDZYNARODOWY JUBILEUSZOWY FESTIWAL S"]
[Site "LAZY, OW "]
[Date "2014.07.01"]
[Round "3.14"]
[White "Wacior, Maciej"]
[Black "Hilarecki, Grzegorz"]
[Result "1/2-1/2"]
[WhiteElo "1863"]
[BlackElo "2144"]
[PlyCount "46"]
[EventDate "2014.??.??"]

1. d4 Nf6 2. Nf3 c5 3. c4 cxd4 4. Nxd4 e5 5. Nb3 d5 6. cxd5 Qxd5 7. Qxd5 Nxd5
8. e4 Nb4 9. Na3 Be6 10. Bb5+ N8c6 11. Na5 O-O-O 12. Bxc6 Nxc6 13. Nxc6 bxc6
14. O-O Bc5 15. Nc2 f6 16. Be3 Bxe3 17. Nxe3 Rd2 18. b3 Kb7 19. Rfd1 Rhd8 20.
Kf1 R8d4 21. Rxd2 Rxd2 22. Ke1 Rb2 23. Nd1 Rc2 1/2-1/2

[Event "X MIEDZYNARODOWY JUBILEUSZOWY FESTIWAL S"]
[Site "LAZY, OW "]
[Date "2014.07.01"]
[Round "3.15"]
[White "Mitura, Vaclav"]
[Black "Niekras, Dawid"]
[Result "1/2-1/2"]
[WhiteElo "2098"]
[BlackElo "1981"]
[PlyCount "66"]
[EventDate "2014.??.??"]

1. Nf3 Nf6 2. c4 g6 3. Nc3 Bg7 4. e4 d6 5. d4 O-O 6. h3 e5 7. d5 a5 8. Bg5 Na6
9. Be2 Qe8 10. Nd2 Nd7 11. g4 Nb6 12. Rg1 Kh8 13. f3 Bd7 14. Nf1 f5 15. Be3 Nc5
16. Nd2 Qe7 17. Qc2 Nba4 18. O-O-O Nxc3 19. Qxc3 fxe4 20. Nxe4 Nxe4 21. fxe4
Rf4 22. Qd3 Raf8 23. Rgf1 Qh4 24. Bd2 Rxf1 25. Rxf1 Rxf1+ 26. Bxf1 Bh6 27. Kc2
Bxd2 28. Qxd2 Qf6 29. Bg2 b6 30. g5 Qf8 31. Qe3 Kg7 32. h4 Bg4 33. Qg3 Bd7
1/2-1/2

[Event "X MIEDZYNARODOWY JUBILEUSZOWY FESTIWAL S"]
[Site "LAZY, OW "]
[Date "2014.07.01"]
[Round "3.16"]
[White "Adamowicz, Maciej"]
[Black "Zylka, Stanislaw"]
[Result "1/2-1/2"]
[WhiteElo "2089"]
[BlackElo "1939"]
[PlyCount "39"]
[EventDate "2014.??.??"]

1. c4 c5 2. Nc3 g6 3. g3 Bg7 4. Bg2 Nc6 5. d3 e5 6. e3 Nge7 7. Nge2 O-O 8. O-O
d6 9. a3 Be6 10. Rb1 a5 11. Bd2 Qd7 12. Nd5 Rab8 13. Nec3 b6 14. b4 axb4 15.
axb4 Nxb4 16. Nxb4 cxb4 17. Rxb4 d5 18. cxd5 Nxd5 19. Nxd5 Bxd5 20. Bxd5
1/2-1/2

[Event "X MIEDZYNARODOWY JUBILEUSZOWY FESTIWAL S"]
[Site "LAZY, OW "]
[Date "2014.07.01"]
[Round "3.17"]
[White "Nowak, Lukasz"]
[Black "Lebiedowicz, Borys"]
[Result "1-0"]
[WhiteElo "2081"]
[BlackElo "1833"]
[PlyCount "134"]
[EventDate "2014.??.??"]

1. e4 e5 2. Nf3 Nc6 3. Bb5 Nf6 4. d3 Bc5 5. c3 O-O 6. O-O d6 7. a4 a5 8. Bg5
Bg4 9. Nbd2 Ne7 10. h3 Bh5 11. Qe1 Nd7 12. d4 c6 13. Bc4 exd4 14. Nxd4 Bxd4 15.
cxd4 Kh8 16. Ba2 f6 17. Bf4 d5 18. Qe3 Nb6 19. Qg3 dxe4 20. Bc7 Qxd4 21. Nb3
Qxb2 22. Bxb6 Nf5 23. Qf4 Bg6 24. Rfb1 Qe2 25. Re1 Qb2 26. Red1 Rfe8 27. Rd2
Qa3 28. Rad1 Qxa4 29. Nc5 Qb4 30. Rb1 Qc3 31. Na4 Qa3 32. Bb3 Qe7 33. Nc5 e3
34. Rd7 exf2+ 35. Qxf2 Qe5 36. Bc7 Qc3 37. Rd3 Qb4 38. Ba2 Qh4 39. Rbd1 Qh5 40.
R3d2 Ne3 41. Rc1 b5 42. Ne6 Nc4 43. Bxc4 bxc4 44. Nf4 Qb5 45. Nxg6+ hxg6 46.
Qh4+ Qh5 47. Qxh5+ gxh5 48. Rxc4 Rec8 49. Bb6 Ra6 50. Bc5 Kh7 51. Rb2 Kg6 52.
Rd4 Kf5 53. Kf2 Re8 54. Rb6 Rea8 55. Rb3 Re8 56. Rf3+ Kg6 57. Rg3+ Kh6 58. Rd7
Rg8 59. Be3+ Kh7 60. Bd4 Kh6 61. Be3+ Kh7 62. Rf3 Kg6 63. Bd4 h4 64. Rf4 f5 65.
Rxh4 a4 66. Ra7 Rxa7 67. Bxa7 Kf6 1-0

[Event "X MIEDZYNARODOWY JUBILEUSZOWY FESTIWAL S"]
[Site "LAZY, OW "]
[Date "2014.07.01"]
[Round "3.18"]
[White "Janik, Igor"]
[Black "Zaleski, Lukasz"]
[Result "0-1"]
[WhiteElo "2071"]
[BlackElo "1867"]
[PlyCount "108"]
[EventDate "2014.??.??"]

1. e4 e6 2. d4 d5 3. Nd2 dxe4 4. Nxe4 Nd7 5. Nf3 Ngf6 6. Bg5 c5 7. dxc5 Bxc5 8.
Nxc5 Nxc5 9. Qxd8+ Kxd8 10. O-O-O+ Ke7 11. Be3 Ncd7 12. Bd4 b6 13. Bb5 Bb7 14.
Rhe1 Rhd8 15. b3 Kf8 16. Kb2 Rac8 17. b4 Nd5 18. a3 N7f6 19. Ne5 Ne7 20. f3 Ng6
21. Nxg6+ hxg6 22. Be5 Ke7 23. c3 a6 24. Bf1 b5 25. Bd4 Bd5 26. a4 Bc6 27. axb5
axb5 28. Ra1 Ra8 29. Rxa8 Rxa8 30. Rd1 Nd7 31. Bd3 e5 32. Be3 Ke6 33. Bc2 Nf6
34. Re1 Nd5 35. Bb3 Kf6 36. Bg5+ Kf5 37. h4 f6 38. Bc1 Ke6 39. f4 Kd6 40. fxe5+
fxe5 41. Rf1 Nf6 42. Bc2 Bxg2 43. Rg1 Bd5 44. Rxg6 Ra2+ 45. Kb1 Rxc2 46. Rxf6+
gxf6 47. Kxc2 Ke6 48. Kd3 f5 49. Bh6 f4 50. Bg7 Kf5 51. h5 Bc4+ 52. Kd2 e4 53.
h6 e3+ 54. Ke1 f3 0-1

[Event "X MIEDZYNARODOWY JUBILEUSZOWY FESTIWAL S"]
[Site "LAZY, OW "]
[Date "2014.07.01"]
[Round "3.19"]
[White "Januszkiewicz, Wojciech"]
[Black "Betkowski, Andrzej"]
[Result "0-1"]
[WhiteElo "1852"]
[BlackElo "2064"]
[PlyCount "84"]
[EventDate "2014.??.??"]

1. e4 e6 2. d4 d5 3. Nc3 Bb4 4. e5 c5 5. a3 Bxc3+ 6. bxc3 Ne7 7. Qg4 Kf8 8. Bd2
Qc7 9. Bd3 b6 10. Nh3 Ba6 11. O-O Bxd3 12. cxd3 c4 13. Qf3 h6 14. Nf4 Kg8 15.
a4 Nd7 16. Bc1 cxd3 17. Ba3 Re8 18. Qxd3 Qd8 19. c4 dxc4 20. Qxc4 Nf8 21. Rac1
Nfg6 22. Nxg6 Nxg6 23. g3 h5 24. Bd6 h4 25. Qc7 Qa8 26. Qc6 Qd8 27. Qb7 Qg5 28.
Qf3 Ne7 29. Rc7 Nf5 30. Rd1 hxg3 31. hxg3 Rh3 32. Kf1 Qh6 33. Ke2 Qg6 34. Qf4
a6 35. g4 Nh6 36. f3 f5 37. exf6 gxf6 38. Kf2 Nf7 39. Ba3 Ng5 40. Kg2 Rxf3 41.
Qd6 Qe4 42. Qd7 Qxg4+ 0-1

[Event "X MIEDZYNARODOWY JUBILEUSZOWY FESTIWAL S"]
[Site "LAZY, OW "]
[Date "2014.07.01"]
[Round "3.20"]
[White "Zebracki, Tomasz"]
[Black "Smolka, Marcin"]
[Result "0-1"]
[WhiteElo "2019"]
[BlackElo "2089"]
[PlyCount "48"]
[EventDate "2014.??.??"]

1. e4 e5 2. Nf3 Nf6 3. Nxe5 d6 4. Nxf7 Kxf7 5. Bc4+ d5 6. exd5 Bd6 7. O-O Rf8
8. d4 Kg8 9. Bg5 Qe8 10. f4 Qe3+ 11. Kh1 Ne4 12. Be7 Rxf4 13. Bxd6 cxd6 14.
Rxf4 Qxf4 15. Qe1 Bf5 16. Nc3 Nd7 17. Nxe4 Qxe4 18. Qb4 Qxc2 19. Qxb7 Rb8 20.
Qc7 Rxb2 21. Qd8+ Nf8 22. Bf1 Rb1 23. Rxb1 Qxb1 24. Kg1 Bd3 0-1

[Event "X MIEDZYNARODOWY JUBILEUSZOWY FESTIWAL S"]
[Site "LAZY, OW "]
[Date "2014.07.01"]
[Round "3.21"]
[White "Lukasiewicz, Anna"]
[Black "Poswiatowski, Michal"]
[Result "1/2-1/2"]
[WhiteElo "2062"]
[BlackElo "2013"]
[PlyCount "60"]
[EventDate "2014.??.??"]

1. e4 c5 2. Nf3 g6 3. d4 Bg7 4. c3 b6 5. Bc4 Bb7 6. dxc5 Nf6 7. e5 Ne4 8. cxb6
Qxb6 9. Qe2 O-O 10. Be3 Qc7 11. Na3 Nc6 12. Nb5 Qb8 13. Bd4 Nxe5 14. Nxe5 Bxe5
15. Bxe5 Qxe5 16. f3 d5 17. Bb3 Nc5 18. Qxe5 Nd3+ 19. Kd2 Nxe5 20. Rhe1 Nc6 21.
Kc2 Rac8 22. Rad1 e6 23. h4 Rfd8 24. Nd4 Na5 25. h5 Kg7 26. f4 Ba6 27. g4 gxh5
28. gxh5 Kf6 29. Rg1 Rg8 30. Rde1 h6 1/2-1/2

[Event "X MIEDZYNARODOWY JUBILEUSZOWY FESTIWAL S"]
[Site "LAZY, OW "]
[Date "2014.07.01"]
[Round "3.22"]
[White "Karpus, Michal"]
[Black "Harazinska, Ewa"]
[Result "1-0"]
[WhiteElo "1943"]
[BlackElo "2062"]
[PlyCount "69"]
[EventDate "2014.??.??"]

1. e4 c5 2. Nf3 d6 3. d4 cxd4 4. Nxd4 Nf6 5. Nc3 a6 6. Be2 e6 7. O-O Be7 8. Be3
O-O 9. Kh1 Qc7 10. f4 b5 11. a3 Bb7 12. Bd3 Nbd7 13. Qf3 Nc5 14. Rae1 d5 15. e5
Nfe4 16. Nce2 Nxd3 17. cxd3 Nc5 18. Bd2 Na4 19. Rc1 Qd7 20. f5 Nxb2 21. Qg4
Rfc8 22. Nf4 Kh8 23. fxe6 fxe6 24. Nfxe6 Bxa3 25. Qh5 g6 26. Qf3 Na4 27. Rxc8+
Rxc8 28. Ng5 Kg8 29. e6 Qe7 30. Qf7+ Kh8 31. Bf4 Qxf7 32. exf7 Kg7 33. Be5+ Kh6
34. Nge6 Nc3 35. g4 1-0

[Event "X MIEDZYNARODOWY JUBILEUSZOWY FESTIWAL S"]
[Site "LAZY, OW "]
[Date "2014.07.01"]
[Round "3.23"]
[White "Filewicz, Przemyslaw"]
[Black "Mazalon, Mariusz"]
[Result "1-0"]
[WhiteElo "1924"]
[BlackElo "2043"]
[PlyCount "80"]
[EventDate "2014.??.??"]

1. d4 g6 2. Nf3 Bg7 3. e4 c6 4. c3 d5 5. exd5 cxd5 6. Bd3 f6 7. O-O Nh6 8. c4
O-O 9. cxd5 Qxd5 10. Qe2 Qd8 11. Re1 Re8 12. Nc3 Nf7 13. Bf4 Bg4 14. Be4 Nc6
15. Rad1 Bxf3 16. Qxf3 Nxd4 17. Rxd4 Qxd4 18. Bxb7 Rad8 19. Bc7 Qd2 20. Rd1
Qxb2 21. Bxd8 Nxd8 22. Bd5+ Kf8 23. Bb3 Qa3 24. Ba4 f5 25. Bxe8 Kxe8 26. Qd5
Qxc3 27. Qxd8+ Kf7 28. Qd5+ Kf8 29. Qa8+ Kf7 30. Qxa7 Be5 31. Qa4 Kg7 32. Qb3
Qc7 33. g3 Bd6 34. a4 f4 35. Rd3 Qd7 36. Qc3+ Kf7 37. a5 fxg3 38. hxg3 h5 39.
Rf3+ Kg8 40. Qc4+ e6 1-0